| 000 | 00937 a2200301 4500 | ||
|---|---|---|---|
| 003 | OSt | ||
| 005 | 20180116192406.0 | ||
| 008 | 120613t xxu||||| |||| 00| 0 eng d | ||
| 010 | _a 2005271259 | ||
| 020 | _a0714843849 (pbk.) | ||
| 020 | _a9780714843841 | ||
| 035 | _a(OCoLC)ocm49624584 | ||
| 040 | _c0 | ||
| 082 | 0 | 0 | _a704.942 |
| 245 | 0 | 0 |
_aFive hundred self-portraits / _c[introduction by Julian Bell]. |
| 246 | 1 | 4 | _a500 self-portraits |
| 250 | _aPbk. ed. | ||
| 260 |
_aLondon ; _aNew York : _bPhaidon, _c2000. |
||
| 300 |
_a548 p. : _bill. (chiefly col.) ; _c19 cm. |
||
| 500 | _aIncludes index. | ||
| 500 | _aOriginally published: 2000. | ||
| 650 | 1 | 0 |
_aSelf-portraits. _94587 |
| 650 | 1 | 0 |
_aPortraits _yHistory _94588 |
| 650 | 1 | 0 |
_aPortraits _yart representation _94589 |
| 700 | 1 |
_aBell, Julian, _d1952- _94590 |
|
| 942 |
_aSADA _cBK _k704.942 FIV 2000 _2ddc |
||
| 999 |
_c353387 _d353387 |
||